| 000 | 00720na a2200253 4500 | ||
|---|---|---|---|
| 001 | 18196 | ||
| 003 | MIRAKIL | ||
| 005 | 20181213154956.0 | ||
| 008 | 161114b tu 000 0 | ||
| 020 | _a9758724002 | ||
| 040 |
_aMilas _btur _cTR-AnCHP |
||
| 041 | _atur | ||
| 082 |
_a332.152 _bŞ25b 2002 |
||
| 090 | _a332.152 Ş25b 2002 | ||
| 100 | _aŞanlı, Ufuk | ||
| 245 |
_aBorç kapanı Imf _bEkonomik savaşın perde arkası _cUfuk Şanlı |
||
| 246 | _aEkonomik savaşın perde arkası | ||
| 260 |
_aİstanbul _bSelis Kitaplar _c2002 |
||
| 300 |
_a240 _bres. _c20 sm. |
||
| 504 | _aKaynakça ve dipnot var. | ||
| 610 |
_aIMF _xUygulamalar |
||
| 650 | _aUluslararası Para Fonu bkz; IMF | ||
| 942 |
_2ddc _cBKS |
||
| 999 |
_c4194 _d4194 |
||